00240nam a2200097Ia 4500008004100000041001200041100001400053245006300067260000600130650000600136221030s9999 xx 000 0 und d aEnglish aS. M. Sze 0aSemiconductor Devices (Physics & Technology)cby S. M. Sze c0 aB